| 000 | 00532nam a2200193Ia 4500 | ||
|---|---|---|---|
| 005 | 20240401110409.0 | ||
| 008 | 131103s9999 xx 000 0 und d | ||
| 020 |
_a0 590 20932 x _cRs.200.00 |
||
| 040 | _aLoreto College | ||
| 041 | _aEnglish | ||
| 082 |
_a420.7 _bMCC |
||
| 100 | _aMcCarthy, Tara | ||
| 245 |
_aTeaching literary elements _cTara McCarthy |
||
| 260 |
_aNew York _bScholastic Professional Books _c1998 |
||
| 300 |
_a61p. _b ill. |
||
| 650 | _aEnglish language - Study & teaching | ||
| 850 | _aLCBED | ||
| 942 | _cBK | ||
| 999 |
_c27834 _d78313 |
||